000 00298nam a2200121Ia 4500
005 20260328104257.0
008 260328s9999||||xx |||||||||||||| ||und||
100 _aPadilla, Sergio
245 0 _aHabitat sustentable /
_cSergio Padilla
260 _bAzcapotzalco
650 _aURBANISMO
942 _cBK
999 _c10485
_d10485